| 000 | 01449nam a2200397 i 4500 | ||
|---|---|---|---|
| 001 | 000018595 | ||
| 003 | DO-SdBNP | ||
| 005 | 20260520082626.0 | ||
| 007 | ta | ||
| 008 | 100512s2008 dr 000 0 spa d | ||
| 020 | _a9789993458623 | ||
| 040 |
_aDO-SdBNP _bspa _cBNPHU _erda |
||
| 041 | _aspa | ||
| 082 | 1 |
_a972.93 _bK969p _222 |
|
| 100 | 1 |
_aKury, Farid, _d1962- _eautor _4aut. _933990 |
|
| 245 | 1 | 0 |
_aPersonajes : _btriunfos y caídas / _cFarid Kury ; prólogo, Miguel Solano |
| 264 | 1 |
_aSanto Domingo : _bEditora Centenario, _c2008. |
|
| 300 |
_a96 páginas ; _c22 cm. |
||
| 336 |
_atexto _btxt _2rdacontent |
||
| 337 |
_asin mediación _bn _2rdamedia |
||
| 338 |
_avolumen _bnc _2rdacarrier |
||
| 500 | _aIncluye datos biográficos del autor en la solapa de la cubierta. | ||
| 500 | _aEl ejemplar número 3 es una reimpresión. | ||
| 590 | _aInventariado, 2024/ YL | ||
| 600 | 1 | 4 |
_aDuarte, Juan Pablo, _d1813-1876 _91494 |
| 600 | 1 | 4 |
_aVázque, Horacio, _d1860-1936 _940202 |
| 600 | 1 | 4 |
_aGómez, Máximo, _d1836-1905 _912249 |
| 600 | 1 | 4 |
_a Balaguer, Joaquín, _d1906-2002 _976556 |
| 600 | 1 | 4 |
_aCaamaño Deñó, Francisco Alberto, _d1932-1973 _910026 |
| 600 | 1 | 4 |
_aFernández Domínguez, Rafael, _d1934-1958 _940203 |
| 651 | 1 | 4 |
_aRepública Dominicana _xHistoria _y1844- _92805 |
| 651 | 1 | 4 |
_aRepública Dominicana _xHistoria _ySiglo XX _99490 |
| 700 | 1 |
_aSolano, Miguel, _eprologuista _4pr. _91543 |
|
| 910 | _aYLockward | ||
| 942 |
_2ddc _cLBS1 |
||
| 999 |
_c18115 _d18115 |
||